000 00406 a2200133 4500
001 ART_61006
005 20260410161830.0
008 260409a
245 1 0 _aIncome inequality and touristic resources in Uruguay
100 1 _aPorto, Natalia
700 1 _aEspinola, Natalia
700 1 _aCarella, Laura
773 0 _tEstudios Económicos
_g- Vol. 40, Nº 81 (jul./dic. 2023)
_wREV5080
999 _c23136
_d23136